000 00583nam a2200193 a 4500
001 000011564
005 20240412074227.0
008 091021s1970 dr 000 j spa d
040 _aDO-SdBNP
_bspa
_cBNPHU
082 _aRD863.44
_bD186c
100 1 _aDanilo, Diodoro
_92494
245 1 0 _aCuentos para ti /
_cDiódoro Danilo.
260 _aSanto Domingo :
_bLibreria Dominicana,
_c1970.
300 _a143 p. ;
_c19 cm.
590 _aInventariado, 2019/VM
650 0 _aCuentos dominicanos
_9176
650 0 _aLiteratura dominicana.
_967
910 _aValidado. Control de calidad MFF
999 _c11259
_d11259